Tribhuvan University Central Library
Normal view MARC view
  • Botanical chemistry

Entry Topical Term

Number of records used in: 6

001 - CONTROL NUMBER

  • control field: 9101

003 - CONTROL NUMBER IDENTIFIER

  • control field: OSt

005 - DATE AND TIME OF LATEST TRANSACTION

  • control field: 20110108112028.0

008 - FIXED-LENGTH DATA ELEMENTS

  • fixed length control field: 110108|||a|||||| | ||| d

040 ## - CATALOGING SOURCE

  • Original cataloging agency: OSt
  • Transcribing agency: OSt

150 ## - HEADING--TOPICAL TERM

  • Topical term or geographic name as entry element: Botanical chemistry

670 ## - SOURCE DATA FOUND

  • Source citation: Work cat.: (OSt): Paleg, L. G., ed. 9098, The physiology and biochemistry of drought resistance in plants, 1981

670 ## - SOURCE DATA FOUND

  • Source citation: Work cat.: (OSt): Paleg, L. G., ed. 9098, The physiology and biochemistry of drought resistance in plants, 1981